[Event "SWE-chT 1920 Elite"]
[Site "Sweden"]
[Date "2020.10.19"]
[Round "8.3"]
[White "Akerman, Emil"]
[Black "Lundstedt, Peter"]
[Result "0-1"]
[WhiteElo "1947"]
[BlackElo "2074"]
[PlyCount "98"]
[EventDate "2019.10.18"]
[EventType "team-tourn"]
[EventRounds "9"]
[EventCountry "SWE"]
[SourceTitle "EXT 2022"]
[Source "ChessBase"]
[SourceDate "2021.10.06"]
[SourceVersion "1"]
[SourceVersionDate "2021.10.06"]
[SourceQuality "1"]
[WhiteTeam "Burgsvik Alva"]
[BlackTeam "Vaxjo"]
[WhiteTeamCountry "SWE"]
[BlackTeamCountry "SWE"]

1. c4 e6 2. Nf3 d5 3. d4 Nf6 4. cxd5 exd5 5. Nc3 c6 6. g3 Bf5 7. Bf4 Bd6 8. Bxd6 Qxd6 9. Bg2 0-0 10. 0-0 Nbd7 11. Rc1 Rfe8 12. h3 h6 13. Re1 Ne4 14. Nh4 Bh7 15. Nxe4 dxe4 16. Bh1 e3 17. d5 exf2+ 18. Kxf2 c5 19. Qd2 Nf6 20. Qf4 Qd8 21. Nf5 Nxd5 22. Qg4 Qf6 23. Bxd5 Bxf5 24. Qf3 Re7 25. g4 Qd4+ 26. Kg2 Bg6 27. Rc4 Qxc4 28. Bxc4 Be4 29. Bxf7+ Kf8 30. Bd5+ Bxf3+ 31. Kxf3 Rd8 32. Rd1 Rf7+ 33. Kg3 Rf6 34. e4 Ke7 35. Rc1 b6 36. Rc3 Kd6 37. Ra3 Rd7 38. Kg2 Ke5 39. Kg3 g5 40. Rc3 Rc7 41. a4 a6 42. b3 b5 43. a5 Kd4 44. Rc1 c4 45. Rd1+ Ke5 46. bxc4 bxc4 47. Ba8 c3 48. Rd5+ Ke6 49. e5 Rf8 0-1